Statistiques concernant Les animaux les plus dangereux en France

Cliquez ici pour prendre le quiz!

Statistiques générales

  • Ce quiz a été pris 345 fois
  • Le résultat moyen est 2 sur 8

Statistiques - réponses

HintRéponse% Correct
8Chien
86%
7Sanglier
36%
4Vipère
28%
6Tique
9%
2Frelon asiatique
7%
5Veuve noire
5%
3Vive
5%
1Physalie
1%

Distribution des résultats

Percentile par nombre de réponses

% des personnes avec chaque résultat

Votre développement - résultats

Vous n’avez pas pris ce quiz